000 00261nam a22000977a 4500
999 _c516814
_d516814
082 _aTNC
100 _aSrinath, C. N. (ed.)
_923530
245 _aNobel laureates in literature
_cedited by C. N. Srinath
260 _aMysore
_bDhvanyaloka Pub.
_c2007
300 _a133p.